MARC

LEADER 00000nam0a2200000 4500
001 377536
005 20231102012926.0
035 |a (RuTPU)RU\TPU\retro\34987 
035 |a RU\TPU\book\68123 
090 |a 377536 
100 |a 20230316d1986 m y0rusy50 ca 
101 0 |a rus 
102 |a RU 
105 |a y j 000zy 
200 1 |a Взаимозаменяемость, стандартизация и технические измерения  |e учебное пособие  |f А. И. Якушев, Л. Н. Воронцов, Н. М. Федотов 
205 |a 6-е изд., перераб. и доп. 
210 |a Москва  |c Машиностроение  |d 1986 
215 |a 351 с. 
451 1 |0 (RuTPU)RU\TPU\book\35058  |t Взаимозаменяемость, стандартизация и технические измерения  |o учебное пособие  |f А. И. Якушев, Л. Н. Воронцов, Н. М. Федотов  |e 6-е изд., перераб. и доп.  |c Москва  |n Машиностроение  |d 1987  |p 351 с.  |a Якушев, Александр Иванович 
451 1 |0 (RuTPU)RU\TPU\book\55666  |t Взаимозаменяемость, стандартизация и технические измерения  |o учебник  |f А. И. Якушев  |e 5-е изд., перераб. и доп.  |c Москва  |n Машиностроение  |d 1979  |p 344 с.  |a Якушев, Александр Иванович 
606 |a Стандартизация в машиностроении  |2 stltpush  |3 (RuTPU)RU\TPU\subj\56730  |9 74621 
606 |a Взаимозаменяемость в машиностроении  |2 stltpush  |3 (RuTPU)RU\TPU\subj\2344  |9 30924 
610 1 |a нормирование точности 
610 1 |a машиностроение 
610 1 |a технические измерения 
610 1 |a посадки 
610 1 |a расчеты 
610 1 |a размерные цепи 
610 1 |a ЭВМ 
610 1 |a применение 
610 1 |a учебные пособия 
675 |a 621.002:658.516(075.8)  |v 3 
675 |a 621-182.8(075.8)  |v 3 
700 1 |a Якушев  |b А. И.  |g Александр Иванович 
701 1 |a Воронцов  |b Л. Н.  |g Лев Николаевич 
701 1 |a Федотов  |b Н. М.  |g Николай Михайлович 
801 0 |a RU  |b 63413507  |c 20011210  |g PSBO 
801 2 |a RU  |b 63413507  |c 20230316  |g PSBO 
900 |a Нормирование точности 
942 |c BK